[Event "28.Alpenpokal"]
[Site "?"]
[Date "2002.??.??"]
[Round "8"]
[White "Schenfeld, Waldemar"]
[Black "Josting, Friedel"]
[Result "0-1"]
[WhiteElo "1429"]
[BlackElo "1862"]
[Annotator "ChessOrg"]
[PlyCount "56"]

1. d4 e6 2. e4 c5 3. Nf3 cxd4 4. Nxd4 Nc6 5. Be3 Nf6 6. Nd2 d5 7. Bd3 Be7 8.
O-O Nxd4 9. Bxd4 dxe4 10. Bxf6 exd3 11. Bxg7 Rg8 12. Be5 Bd7 13. c4 Bc6 14. Bg3
Qd7 15. Qh5 Bf6 16. Rab1 O-O-O 17. Qc5 Bd4 18. Qa3 h5 19. c5 Qd5 20. Nf3 Bxc5
21. b4 Bb6 22. Rfd1 Rg4 23. Qb3 Qxb3 24. Rxb3 Bxf3 25. gxf3 Rc4 26. a3 d2 27.
Rb2 Rc1 28. Bh4 Rxd1+ 0-1

[Event "28.Alpenpokal"]
[Site "?"]
[Date "2002.??.??"]
[Round "8"]
[White "Drewitz, Friedel"]
[Black "Marek, Herbert"]
[Result "1-0"]
[WhiteElo "1825"]
[BlackElo "1727"]
[Annotator "ChessOrg"]
[PlyCount "95"]

1. e4 c5 2. Nf3 e6 3. d4 cxd4 4. Nxd4 a6 5. Be2 Nf6 6. Bf3 Qc7 7. Nc3 Nc6 8.
Nxc6 bxc6 9. O-O Bb7 10. Bg5 Bd6 11. h3 Bf4 12. Bxf4 Qxf4 13. Qc1 Qe5 14. Re1
g5 15. Qe3 h5 16. Be2 h4 17. Rad1 Ke7 18. Qd4 d6 19. Qxe5 dxe5 20. f3 Nh5 21.
Rd2 Rad8 22. Red1 f5 23. exf5 exf5 24. Na4 Nf4 25. Bf1 a5 26. Nc5 Bc8 27. a3
Rxd2 28. Rxd2 Rd8 29. Rxd8 Kxd8 30. Nb3 e4 31. fxe4 fxe4 32. Kf2 Nd5 33. Nxa5
Kc7 34. c4 Nf6 35. Ke3 c5 36. Be2 Bf5 37. Nb3 Kb6 38. Nd2 Kc6 39. b4 cxb4 40.
axb4 Bg6 41. Kd4 Kd6 42. c5+ Ke6 43. Bg4+ Nxg4 44. hxg4 e3 45. Kxe3 Kd5 46. Nf3
Be4 47. Kf2 Kc4 48. Nd2+ 1-0

[Event "28.Alpenpokal"]
[Site "?"]
[Date "2002.??.??"]
[Round "8"]
[White "Kahler, Kurt"]
[Black "Otto, Matthias"]
[Result "1-0"]
[WhiteElo "1745"]
[BlackElo "1660"]
[Annotator "ChessOrg"]
[PlyCount "105"]

1. e4 c5 2. Nc3 e6 3. g3 Nc6 4. Bg2 Nf6 5. Nge2 d5 6. exd5 exd5 7. d4 Be6 8.
O-O Rb8 9. Bf4 Rc8 10. Bg5 cxd4 11. Nxd4 Be7 12. Nxe6 fxe6 13. Bh3 O-O 14.
Bxe6+ Kh8 15. Bxc8 Qxc8 16. Bxf6 Bxf6 17. Kg2 Qf5 18. Qd3 Qxd3 19. cxd3 Rd8 20.
Rfd1 Kg8 21. Rd2 a6 22. Rc1 Kf7 23. Na4 Be7 24. d4 a5 25. Nc5 Bxc5 26. Rxc5 Rd6
27. Rb5 Rd7 28. a3 Ke6 29. g4 Kd6 30. f3 Kc7 31. Kf2 b6 32. Rb3 Na7 33. Re3 Nb5
34. a4 Nd6 35. b3 Rf7 36. Kg3 Kd7 37. Re5 Re7 38. Rxe7+ Kxe7 39. Re2+ Kd7 40.
Re5 Kc6 41. Re7 b5 42. Re6 bxa4 43. Rxd6+ Kxd6 44. bxa4 Ke6 45. Kf4 h6 46. g5
h5 47. g6 Kf6 48. h4 Kxg6 49. Ke5 Kf7 50. f4 g6 51. Kxd5 Ke7 52. Ke5 Kd7 53.
Kf6 1-0

[Event "28.Alpenpokal"]
[Site "?"]
[Date "2002.??.??"]
[Round "8"]
[White "Dittler, Volkfried"]
[Black "Buesdorf, Konrad"]
[Result "0-1"]
[WhiteElo "1623"]
[BlackElo "1796"]
[Annotator "ChessOrg"]
[PlyCount "74"]

1. d4 d5 2. Nf3 c6 3. e3 Nf6 4. c4 e6 5. Nc3 Be7 6. Qc2 O-O 7. Be2 Nbd7 8. O-O
Re8 9. b3 Nf8 10. Bb2 Ng6 11. Bd3 Bd6 12. Ne2 c5 13. dxc5 Bxc5 14. Rad1 Bf8 15.
cxd5 exd5 16. Ng5 Ng4 17. h4 Be7 18. Bb5 Rf8 19. Nf4 Nf6 20. Bxf6 Bxf6 21. Rxd5
Qe7 22. Rfd1 Bg4 23. Be2 Bxe2 24. Nxe2 Bxg5 25. hxg5 Ne5 26. Qf5 Rae8 27. Ng3
f6 28. gxf6 Rxf6 29. Qc2 Ref8 30. Ne4 Rh6 31. Rd6 Rh4 32. Qe2 Rxe4 33. f4 Ng6
34. Rd7 Qc5 35. Kf2 Nxf4 36. Qb2 Qxe3+ 37. Kf1 Nd3+ 0-1

[Event "28.Alpenpokal"]
[Site "?"]
[Date "2002.??.??"]
[Round "8"]
[White "Struwecker, Sigurd"]
[Black "Tauscher, Max"]
[Result "0-1"]
[WhiteElo "1750"]
[BlackElo "1675"]
[Annotator "ChessOrg"]
[PlyCount "108"]

1. d4 Nf6 2. Nf3 d5 3. c4 c6 4. e3 g6 5. Nc3 Bg7 6. cxd5 cxd5 7. Bb5+ Bd7 8.
Bd2 O-O 9. Rc1 a6 10. Ba4 b5 11. Bb3 e6 12. Ne2 Nc6 13. Nf4 Ne4 14. Nd3 Rc8 15.
Nb4 Nxd2 16. Nxc6 Nxf3+ 17. Qxf3 Rxc6 18. O-O Qc7 19. Rxc6 Qxc6 20. Qe2 Rc8 21.
Rd1 a5 22. Rd2 a4 23. Bd1 Qb7 24. h3 b4 25. Rc2 Rxc2 26. Qxc2 Bf8 27. f4 Qc6
28. g4 Qxc2 29. Bxc2 Kg7 30. g5 h6 31. h4 hxg5 32. hxg5 Be7 33. Bd1 Bb5 34. Kf2
f6 35. gxf6+ Kxf6 36. Bg4 a3 37. bxa3 bxa3 38. Be2 Bc4 39. Bxc4 dxc4 40. Ke2 g5
41. fxg5+ Kxg5 42. Kf3 Bb4 43. e4 Kf6 44. Ke3 Bc3 45. d5 exd5 46. exd5 Ke5 47.
d6 Kxd6 48. Ke2 Ke5 49. Kd1 Ke4 50. Kc2 Kd4 51. Kd1 Kd3 52. Kc1 Bd2+ 53. Kb1 c3
54. Ka1 Be3 0-1

[Event "28.Alpenpokal"]
[Site "?"]
[Date "2002.??.??"]
[Round "8"]
[White "Aufmwasser, Guenter"]
[Black "Herzog, Manfred"]
[Result "1/2-1/2"]
[WhiteElo "1616"]
[BlackElo "1740"]
[Annotator "ChessOrg"]
[PlyCount "59"]

1. e4 g6 2. c3 Bg7 3. Bc4 d6 4. d4 Nf6 5. f3 O-O 6. Ne2 Nbd7 7. O-O e5 8. Bg5
h6 9. Bh4 Nb6 10. Bb3 a5 11. a3 a4 12. Ba2 Ra5 13. Nd2 exd4 14. cxd4 Rh5 15.
Qe1 g5 16. Bf2 g4 17. Nf4 Rb5 18. b4 axb3 19. Rb1 gxf3 20. Rxb3 fxg2 21. Rxb5
gxf1=Q+ 22. Qxf1 Bd7 23. Rb3 Be6 24. Rg3 Bxa2 25. Qg2 Kh8 26. Rxg7 Rg8 27.
Rxg8+ Qxg8 28. d5 Qxg2+ 29. Kxg2 Nfd7 30. Bd4+ 1/2-1/2

[Event "28.Alpenpokal"]
[Site "?"]
[Date "2002.??.??"]
[Round "8"]
[White "Fehres, Werner"]
[Black "Meyer, Thomas"]
[Result "1-0"]
[WhiteElo "2104"]
[BlackElo "1649"]
[Annotator "ChessOrg"]
[PlyCount "85"]

1. e4 c6 2. f4 d5 3. e5 Bf5 4. Nf3 e6 5. c3 c5 6. d3 Nc6 7. Be2 Be7 8. O-O Qc7
9. Na3 a6 10. Nc2 h6 11. Be3 f6 12. Nh4 Bh7 13. Bh5+ Kd7 14. Ng6 Bxg6 15. Bxg6
Rf8 16. d4 c4 17. Qh5 Kc8 18. b3 b5 19. bxc4 bxc4 20. Rab1 Kd7 21. f5 Nd8 22.
Nb4 Bxb4 23. Rxb4 fxe5 24. fxe6+ Nxe6 25. Rxf8 Nxf8 26. Qf5+ Ne6 27. dxe5 Ne7
28. Qb1 Qxe5 29. Rb7+ Nc7 30. Bd4 Qe6 31. Bc2 Rf8 32. Ba4+ Nc6 33. Rb6 Nb5 34.
Rxa6 Rb8 35. Bf2 Qe4 36. Qc1 Rb7 37. h3 Kc7 38. Bg3+ Kd7 39. Kh2 Nca7 40. Bc2
Qe7 41. Qd1 Qf7 42. Qg4+ Ke7 43. Bg6 1-0

[Event "28.Alpenpokal"]
[Site "?"]
[Date "2002.??.??"]
[Round "8"]
[White "Kaiser, Hans"]
[Black "Schumacher, Ursula"]
[Result "1-0"]
[WhiteElo "1679"]
[BlackElo "1454"]
[Annotator "ChessOrg"]
[PlyCount "69"]

1. e4 c6 2. Nc3 d5 3. Qf3 dxe4 4. Nxe4 Nd7 5. d4 Ngf6 6. c3 g6 7. Bc4 Bg7 8.
Ne2 O-O 9. Bb3 Nxe4 10. Qxe4 Nf6 11. Qh4 Re8 12. O-O Nd5 13. Bg5 Qc7 14. Rfe1
e6 15. c4 Ne7 16. Ng3 e5 17. dxe5 Bxe5 18. Bf6 Bxf6 19. Qxf6 Be6 20. Ne4 Rad8
21. Qc3 Qf4 22. Nf6+ Kf8 23. Nxh7+ Kg8 24. Nf6+ Kf8 25. Nxe8 Rxe8 26. Qh8+ Ng8
27. c5 Qf5 28. Re5 Qf6 29. Qxf6 Nxf6 30. Rae1 Bxb3 31. Rxe8+ Nxe8 32. axb3 Nf6
33. f3 Nd5 34. Re4 a5 35. Ra4 1-0

[Event "28.Alpenpokal"]
[Site "?"]
[Date "2002.??.??"]
[Round "8"]
[White "Schweiger, Thomas"]
[Black "Braunstein, Richard"]
[Result "1-0"]
[WhiteElo "1300"]
[BlackElo "1566"]
[Annotator "ChessOrg"]
[PlyCount "77"]

1. Nf3 Nc6 2. g3 e5 3. d3 d5 4. Bg2 Bd6 5. Nbd2 Nf6 6. e4 Bg4 7. a3 O-O 8. O-O
Nd4 9. h3 Bxf3 10. Nxf3 dxe4 11. Nxd4 exd4 12. dxe4 c5 13. Re1 Qc7 14. f4 Nd7
15. Qf3 c4 16. Bd2 Qb6 17. b4 c3 18. Bc1 d3+ 19. Be3 Qa6 20. Bf1 Bc7 21. Bxd3
Qf6 22. Kg2 Bb6 23. e5 Qe6 24. Qxb7 Bxe3 25. Rxe3 a5 26. Qe4 f5 27. Qc4 Qxc4
28. Bxc4+ Kh8 29. e6 Nb6 30. e7 Nxc4 31. exf8=Q+ Rxf8 32. Rxc3 Nd2 33. bxa5 Re8
34. Re1 Ne4 35. a6 Rd8 36. Rd3 Rc8 37. Re2 Nc3 38. Red2 Ne4 39. Rd8+ 1-0

[Event "28.Alpenpokal"]
[Site "?"]
[Date "2002.??.??"]
[Round "8"]
[White "Czech, Gerhard"]
[Black "Wahl, Hedi"]
[Result "1/2-1/2"]
[WhiteElo "1658"]
[BlackElo "1436"]
[Annotator "ChessOrg"]
[PlyCount "35"]

1. d4 g6 2. e4 d6 3. c4 c6 4. Be3 Bg7 5. Nc3 Nf6 6. h3 O-O 7. Nf3 Nbd7 8. Bd3
e5 9. dxe5 Nxe5 10. Nxe5 dxe5 11. Qc2 Qc7 12. O-O Rd8 13. Rfd1 b6 14. Be2 Bb7
15. Rxd8+ Rxd8 16. Rd1 Rd7 17. Rxd7 Qxd7 18. Qd3 1/2-1/2

[Event "28.Alpenpokal"]
[Site "?"]
[Date "2002.??.??"]
[Round "8"]
[White "Wassem, Michael"]
[Black "Boehm, Karl"]
[Result "0-1"]
[WhiteElo "1401"]
[BlackElo "1681"]
[Annotator "ChessOrg"]
[PlyCount "110"]

1. d4 d5 2. c4 e6 3. Nc3 Nf6 4. Nf3 Nbd7 5. Bf4 a6 6. e3 dxc4 7. Bxc4 b5 8. Bd3
Bb7 9. Qc2 Rc8 10. a4 c6 11. axb5 cxb5 12. Qe2 Bb4 13. Rc1 O-O 14. O-O Nh5 15.
Bg3 Nxg3 16. fxg3 Nf6 17. Bb1 Nd5 18. Qd3 g6 19. Ne5 Be7 20. h4 Bf6 21. Ng4 Bg7
22. h5 Qg5 23. hxg6 hxg6 24. Nh2 Qxe3+ 25. Kh1 Qxd3 26. Bxd3 Bxd4 27. Be4 Ba8
28. Ng4 Kg7 29. Rfd1 Bxc3 30. Bxd5 Bxd5 31. bxc3 Rfd8 32. Kg1 Bb3 33. Rf1 Rd5
34. Rf2 Rcd8 35. Rcf1 Rf5 36. Rxf5 gxf5 37. Ne5 Rd1 38. Rxd1 Bxd1 39. Kf2 a5
40. c4 bxc4 41. Nxc4 a4 42. Ke3 Bb3 43. Na3 Kf6 44. g4 Kg5 45. gxf5 Kxf5 46.
Nb5 Kg4 47. Kf2 f5 48. g3 e5 49. Na3 f4 50. gxf4 Kxf4 51. Nb5 Ke4 52. Na3 Kd3
53. Ke1 Kc3 54. Ke2 Kb4 55. Nb1 Bc2 0-1

[Event "28.Alpenpokal"]
[Site "?"]
[Date "2002.??.??"]
[Round "8"]
[White "Wempe, Anke"]
[Black "Pillath, Marcus"]
[Result "1-0"]
[WhiteElo "1200"]
[BlackElo "1413"]
[Annotator "ChessOrg"]
[PlyCount "91"]

1. e4 c6 2. d4 d5 3. exd5 cxd5 4. Nf3 Bf5 5. Bd3 Bxd3 6. Qxd3 Nf6 7. O-O e6 8.
Bg5 Nbd7 9. Qb5 Qb6 10. Nc3 Be7 11. Ne5 Qxb5 12. Nxb5 O-O 13. Nxd7 Nxd7 14.
Bxe7 Rfc8 15. c3 Nb6 16. a4 a6 17. a5 Nc4 18. Nd6 Nxd6 19. Bxd6 Rc6 20. Bb4 f6
21. f4 f5 22. Rae1 Kf7 23. h3 b5 24. Rf3 g6 25. g4 fxg4 26. hxg4 Re8 27. Rh3
Kg7 28. Kf2 h6 29. Reh1 Rh8 30. Kg2 Rh7 31. Ba3 Rh8 32. b4 Rcc8 33. Bc1 Rcf8
34. f5 h5 35. fxe6 Re8 36. Re1 hxg4 37. Rxh8 Rxh8 38. Re5 Re8 39. Bg5 Kg8 40.
Kg3 Kg7 41. Kxg4 Rc8 42. e7 Re8 43. Rxd5 Kf7 44. Rd8 Rxe7 45. Bxe7 Kxe7 46. Ra8
1-0

[Event "28.Alpenpokal"]
[Site "?"]
[Date "2002.??.??"]
[Round "9"]
[White "Feller, Joseph"]
[Black "Graf, Joachim"]
[Result "1/2-1/2"]
[WhiteElo "2209"]
[BlackElo "2171"]
[Annotator "ChessOrg"]
[PlyCount "25"]

1. e4 c5 2. g3 Nc6 3. Bg2 g6 4. f4 Bg7 5. d3 e6 6. Nf3 Nge7 7. O-O O-O 8. c3 b6
9. Be3 Bb7 10. d4 cxd4 11. Nxd4 Nxd4 12. Bxd4 Bxd4+ 13. Qxd4 1/2-1/2

[Event "28.Alpenpokal"]
[Site "?"]
[Date "2002.??.??"]
[Round "9"]
[White "Bierwisch, Bernhard"]
[Black "Watson, Ron"]
[Result "0-1"]
[WhiteElo "2167"]
[BlackElo "2200"]
[Annotator "ChessOrg"]
[PlyCount "100"]

1. e4 c6 2. Nf3 d5 3. e5 Bg4 4. d4 e6 5. Bd3 Nd7 6. O-O f6 7. Re1 fxe5 8. dxe5
Qc7 9. h3 Bh5 10. g4 Bf7 11. c3 O-O-O 12. Ng5 Nh6 13. Bf4 Be7 14. Nd2 Rdf8 15.
Nxh7 Re8 16. Nf3 Bg8 17. Nhg5 Rf8 18. Qd2 Nc5 19. Bg6 Nf7 20. b4 Nxg5 21. Nxg5
Nd7 22. Qe3 Qd8 23. Nf3 Rxh3 24. Kg2 Rxf3 25. Qxf3 Bg5 26. Bxg5 Qxg5 27. Qd3
Nxe5 28. Rxe5 Qxe5 29. Qg3 Qf6 30. Bc2 e5 31. f3 Kd7 32. Re1 Kd6 33. a4 b6 34.
a5 Qf4 35. axb6 Qxg3+ 36. Kxg3 axb6 37. Ra1 d4 38. cxd4 exd4 39. Ra7 Bd5 40. f4
Rf7 41. Ra8 Re7 42. g5 d3 43. Bd1 Re1 44. Bh5 d2 45. f5 d1=Q 46. Bxd1 Rxd1 47.
Ra7 Rd3+ 48. Kg4 Rd4+ 49. Kh5 Rf4 50. Kg6 Be4 0-1

[Event "28.Alpenpokal"]
[Site "?"]
[Date "2002.??.??"]
[Round "9"]
[White "Wunderer, Eckart"]
[Black "Wahl, Frithjof"]
[Result "1/2-1/2"]
[WhiteElo "2151"]
[BlackElo "2008"]
[Annotator "ChessOrg"]
[PlyCount "30"]

1. d4 g6 2. Nc3 Bg7 3. e4 d6 4. f4 c6 5. Nf3 Bg4 6. Be3 Qb6 7. Qd2 Bxf3 8. gxf3
Nf6 9. O-O-O Nbd7 10. Bc4 Qa5 11. Kb1 Qc7 12. e5 Nh5 13. e6 fxe6 14. Bxe6 d5
15. f5 Nf8 1/2-1/2

[Event "28.Alpenpokal"]
[Site "?"]
[Date "2002.??.??"]
[Round "9"]
[White "Perk, Egbert"]
[Black "Froehlich, Rainer"]
[Result "0-1"]
[WhiteElo "2063"]
[BlackElo "1933"]
[Annotator "ChessOrg"]
[PlyCount "92"]

1. d4 d5 2. c4 e6 3. Nf3 Be7 4. Nc3 Nf6 5. Bg5 Nbd7 6. e3 h6 7. Bh4 c6 8. Bd3
O-O 9. O-O dxc4 10. Bxc4 Nd5 11. Bxe7 Qxe7 12. a3 Nxc3 13. bxc3 e5 14. e4 exd4
15. cxd4 Qxe4 16. Re1 Qf4 17. Qd3 Nb6 18. g3 Qf6 19. Bb3 Bf5 20. Qd2 Nd5 21.
Re5 Be6 22. Nh4 Rad8 23. Rae1 c5 24. Bc2 Ne7 25. Qd3 g6 26. Qe3 cxd4 27. Qxh6
d3 28. Bd1 Qg7 29. Qd2 Rd6 30. f4 Nc6 31. R5e3 Rfd8 32. Nf3 b6 33. Ng5 Qd4 34.
Kf1 Bc4 35. Nf3 Qf6 36. Ng5 Rd5 37. Bf3 Rb5 38. Re8+ Kg7 39. Rxd8 Nxd8 40. Kg1
Qd4+ 41. Qe3 Qxe3+ 42. Rxe3 Rb1+ 43. Kf2 Rf1+ 44. Kg2 d2 45. Re4 Rxf3 46. Nxf3
Bf1+ 0-1

[Event "28.Alpenpokal"]
[Site "?"]
[Date "2002.??.??"]
[Round "9"]
[White "Reinke, Kurt"]
[Black "Walther, Diethelm"]
[Result "0-1"]
[WhiteElo "1863"]
[BlackElo "2101"]
[Annotator "ChessOrg"]
[PlyCount "84"]

1. d4 d5 2. Nf3 Bf5 3. c4 e6 4. Nc3 c6 5. e3 Nf6 6. Be2 Nbd7 7. Nh4 Be4 8. f3
Bg6 9. Nxg6 hxg6 10. Bd3 Bd6 11. f4 dxc4 12. Bxc4 Nd5 13. Qf3 Qb6 14. Bd2 O-O-O
15. Rc1 Kb8 16. Na4 Qc7 17. e4 Nxf4 18. e5 Bxe5 19. dxe5 Qxe5+ 20. Be2 Rh4 21.
g3 Nxe2 22. gxh4 Nxc1+ 23. Kd1 Nc5 24. Kxc1 Nd3+ 25. Kb1 Qd4 26. Rd1 Qxa4 27.
Bf4+ Kc8 28. Bg5 Qb5 29. Rd2 f6 30. Be3 Qf5 31. Qxf5 exf5 32. Bxa7 Ne1 33.
Rxd8+ Kxd8 34. Bc5 Ke8 35. a4 Nf3 36. b4 Nxh2 37. Kb2 Nf3 38. Kb3 Nxh4 39. b5
cxb5 40. a5 f4 41. Kb4 Kd7 42. Kxb5 g5 0-1

[Event "28.Alpenpokal"]
[Site "?"]
[Date "2002.??.??"]
[Round "9"]
[White "Mueller, Helmut"]
[Black "Varain, Ernst-Helmut"]
[Result "0-1"]
[WhiteElo "1870"]
[BlackElo "2077"]
[Annotator "ChessOrg"]
[PlyCount "94"]

1. d4 Nf6 2. c4 g6 3. Nc3 d5 4. cxd5 Nxd5 5. e4 Nxc3 6. bxc3 Bg7 7. Be3 c5 8.
Rc1 Nd7 9. Nf3 O-O 10. Qd2 b6 11. Bb5 Bb7 12. Bxd7 Qxd7 13. d5 Qg4 14. O-O Qxe4
15. Rfd1 Rad8 16. c4 Bc8 17. Bh6 Qf5 18. Bxg7 Kxg7 19. Qc3+ Qf6 20. Ne5 Kg8 21.
Nc6 Rd7 22. Re1 Qxc3 23. Rxc3 e6 24. Ra3 exd5 25. cxd5 Kg7 26. Rd1 Bb7 27. Ne5
Rxd5 28. Rxd5 Bxd5 29. Rxa7 Rc8 30. Ra3 Be6 31. Kf1 b5 32. Ke1 Re8 33. Kd2 Bxa2
34. Nxg6 hxg6 35. Rxa2 Re6 36. Ra5 Rb6 37. Kc3 Kf6 38. Ra7 Re6 39. Ra2 Ke5 40.
h4 Kd5 41. Rd2+ Kc6 42. Ra2 b4+ 43. Kb3 Kb5 44. Rc2 Re4 45. g3 c4+ 46. Kb2 Re1
47. f4 Rg1 0-1

[Event "28.Alpenpokal"]
[Site "?"]
[Date "2002.??.??"]
[Round "9"]
[White "Zuri, Amin-Barin"]
[Black "Martino-Gross, Peter"]
[Result "0-1"]
[WhiteElo "1844"]
[BlackElo "1963"]
[Annotator "ChessOrg"]
[PlyCount "86"]

1. d4 Nf6 2. c4 g6 3. Nc3 d5 4. cxd5 Nxd5 5. e4 Nxc3 6. bxc3 Bg7 7. Qb3 O-O 8.
Bd3 c5 9. Bb2 cxd4 10. cxd4 Bxd4 11. Bxd4 Qxd4 12. Rd1 Nc6 13. Ne2 Qb4+ 14.
Qxb4 Nxb4 15. Bb1 Be6 16. a3 Nc6 17. Nf4 Bc4 18. Bd3 Bxd3 19. Rxd3 Rfd8 20. Rb3
Rd7 21. O-O Rad8 22. Nd5 Kg7 23. Rfb1 b6 24. Rc3 Na5 25. Kf1 e6 26. Ne3 Nb7 27.
f3 Rd3 28. Rbc1 Nc5 29. Ke2 Rd2+ 30. Ke1 R8d3 31. h4 Ra2 32. g4 Rxa3 33. Rxa3
Rxa3 34. Ke2 Ra2+ 35. Rc2 Rxc2+ 36. Nxc2 b5 37. e5 a5 38. Nd4 b4 39. Nc6 b3 40.
Kd2 a4 41. Kc3 a3 42. Nb4 Kf8 43. f4 h5 0-1

[Event "28.Alpenpokal"]
[Site "?"]
[Date "2002.??.??"]
[Round "9"]
[White "Schulz, Toni"]
[Black "Reinkoester, Michael"]
[Result "1-0"]
[WhiteElo "1950"]
[BlackElo "1786"]
[Annotator "ChessOrg"]
[PlyCount "55"]

1. e4 c5 2. Nf3 d6 3. Bb5+ Bd7 4. Bxd7+ Qxd7 5. O-O Nf6 6. e5 dxe5 7. Nxe5 Qc7
8. d4 cxd4 9. Bf4 Qb6 10. Nd2 e6 11. Ndc4 Qc5 12. b4 Qd5 13. a3 Be7 14. Re1 O-O
15. Qd3 Rd8 16. h3 Nbd7 17. Rad1 Nf8 18. Qe2 Qb5 19. Nxf7 d3 20. Rxd3 Qxc4 21.
Nxd8 Qxf4 22. Nxe6 Nxe6 23. Qxe6+ Kh8 24. Qxe7 h6 25. Rd8+ Rxd8 26. Qxd8+ Kh7
27. Qd3+ Kh8 28. g3 1-0

[Event "28.Alpenpokal"]
[Site "?"]
[Date "2002.??.??"]
[Round "9"]
[White "Zuri, Rahim"]
[Black "Fischer, Ernst"]
[Result "1/2-1/2"]
[WhiteElo "1854"]
[BlackElo "2197"]
[Annotator "ChessOrg"]
[PlyCount "21"]

1. e4 e6 2. d4 d5 3. e5 c5 4. c3 Nc6 5. Nf3 Qb6 6. Be2 Nh6 7. O-O cxd4 8. Nxd4
Nxd4 9. Qxd4 Bc5 10. Qf4 Bd7 11. b4 1/2-1/2

[Event "28.Alpenpokal"]
[Site "?"]
[Date "2002.??.??"]
[Round "9"]
[White "Korhonen, Erkki"]
[Black "Weber, Gerhard"]
[Result "1/2-1/2"]
[WhiteElo "1800"]
[BlackElo "2136"]
[Annotator "ChessOrg"]
[PlyCount "38"]

1. c4 Nf6 2. Nc3 g6 3. d4 Bg7 4. Nf3 O-O 5. e4 d6 6. Be3 e5 7. dxe5 dxe5 8.
Qxd8 Rxd8 9. Nd5 Nxd5 10. cxd5 c6 11. Bc4 cxd5 12. Bxd5 Nc6 13. Bxc6 bxc6 14.
Rc1 Bb7 15. Rc5 f6 16. O-O Bf8 17. Ra5 c5 18. Nd2 a6 19. f3 Rac8 1/2-1/2

[Event "28.Alpenpokal"]
[Site "?"]
[Date "2002.??.??"]
[Round "9"]
[White "Johannsen, Ingbert"]
[Black "Woell, Josef"]
[Result "1-0"]
[WhiteElo "2037"]
[BlackElo "1756"]
[Annotator "ChessOrg"]
[PlyCount "87"]

1. Nh3 d5 2. g3 c6 3. Bg2 Bf5 4. f3 Qc8 5. Nf2 e5 6. e4 dxe4 7. fxe4 Be6 8. d3
Bc5 9. Qe2 Ne7 10. Nd2 Nd7 11. Nf3 h6 12. Bd2 Qc7 13. O-O Nf6 14. Kh1 Ng6 15.
b4 Bb6 16. Bc3 Rd8 17. h3 a6 18. Kh2 Nh7 19. Nd1 O-O 20. Ne3 f6 21. Nd2 Qc8 22.
Ndc4 Ba7 23. Qh5 Bf7 24. Nf5 Qe6 25. Qg4 Kh8 26. Bd2 Rg8 27. Qe2 Ne7 28. Nce3
Bxe3 29. Nxe3 Qd7 30. a4 Be6 31. Bc3 Ng5 32. h4 Nf7 33. Bf3 Rgf8 34. Rf2 b6 35.
Raf1 Bh3 36. Rg1 Be6 37. Bh5 Kh7 38. Rgf1 Bh3 39. Rd1 Be6 40. d4 exd4 41. Bxd4
b5 42. axb5 axb5 43. Bb6 Qxd1 44. Nxd1 1-0

[Event "28.Alpenpokal"]
[Site "?"]
[Date "2002.??.??"]
[Round "9"]
[White "Felten, Joachim"]
[Black "Rueggeberg, Wilhelm"]
[Result "1-0"]
[WhiteElo "2099"]
[BlackElo "1847"]
[Annotator "ChessOrg"]
[PlyCount "35"]

1. e4 c5 2. Nf3 Nc6 3. d4 cxd4 4. Nxd4 Nf6 5. Nc3 d6 6. Bc4 e6 7. Be3 Bd7 8.
Qe2 a6 9. Bb3 Be7 10. O-O-O b5 11. Nxc6 Bxc6 12. e5 Ne4 13. Nxe4 Bxe4 14. exd6
Bg5 15. f4 Bf6 16. d7+ Kf8 17. Bc5+ Kg8 18. Qxe4 1-0

[Event "28.Alpenpokal"]
[Site "?"]
[Date "2002.??.??"]
[Round "9"]
[White "Josting, Friedel"]
[Black "Gerhards, Walter"]
[Result "0-1"]
[WhiteElo "1862"]
[BlackElo "2086"]
[Annotator "ChessOrg"]
[PlyCount "126"]

1. Nf3 Nf6 2. d4 d5 3. Bf4 Bf5 4. e3 e6 5. Bd3 Ne4 6. O-O Nd7 7. c4 dxc4 8.
Bxc4 Bd6 9. Bxd6 cxd6 10. Nbd2 O-O 11. Qe2 Ndf6 12. Nxe4 Nxe4 13. Nd2 Qg5 14.
Nxe4 Bxe4 15. f3 Bc6 16. Rac1 h5 17. f4 Qg6 18. Rfd1 Rae8 19. Bb5 e5 20. Bxc6
bxc6 21. Qf3 exd4 22. Rxd4 d5 23. f5 Qg5 24. Rf4 Qf6 25. Rc3 h4 26. Qg4 Rb8 27.
Qe2 Rfe8 28. Qc2 Rb6 29. b3 h3 30. gxh3 Rxe3 31. Rxe3 Qg5+ 32. Qg2 Qxf4 33. Qf2
Qxf2+ 34. Kxf2 Kf8 35. Ke2 Rb7 36. Rc3 Rc7 37. Kf3 Ke7 38. Kf4 Kd6 39. h4 d4
40. Rg3 f6 41. h5 Kd5 42. h6 gxh6 43. Rg6 Re7 44. Rg8 Re4+ 45. Kf3 Re3+ 46. Kf2
Re5 47. Rd8+ Ke4 48. Rd6 Rxf5+ 49. Ke2 Rh5 50. Re6+ Kd5 51. Rxf6 Rxh2+ 52. Kd3
Rh3+ 53. Kd2 Kc5 54. Rf5+ Kb6 55. Rf6 h5 56. Rf4 c5 57. Rf2 h4 58. Kc2 Rg3 59.
Rh2 h3 60. Rh1 Kb5 61. a3 a5 62. Kb2 Rg2+ 63. Kc1 h2 0-1

[Event "28.Alpenpokal"]
[Site "?"]
[Date "2002.??.??"]
[Round "9"]
[White "Zoefel, Peter"]
[Black "Drewitz, Friedel"]
[Result "1-0"]
[WhiteElo "2070"]
[BlackElo "1825"]
[Annotator "ChessOrg"]
[PlyCount "152"]

1. d4 d5 2. Nf3 e6 3. e3 c6 4. Bd3 f5 5. Ne5 Nf6 6. Nd2 Nbd7 7. Ndf3 Bd6 8.
Nxd7 Bxd7 9. O-O Qb8 10. h3 O-O 11. c4 Ne4 12. c5 Bc7 13. Qc2 Rf6 14. b4 a6 15.
Bb2 Qe8 16. Ne5 Bxe5 17. dxe5 Rf8 18. a4 Qe7 19. Bd4 h5 20. Qe2 Qg5 21. f4 Qg6
22. Bxe4 fxe4 23. Kh2 Kf7 24. Qf2 Qf5 25. g3 Ke7 26. b5 axb5 27. axb5 g6 28. b6
Rh8 29. Qb2 Rhc8 30. Ra7 Qf8 31. Rfa1 Rab8 32. Qe2 Qh6 33. Rf1 Rf8 34. h4 Rh8
35. Bc3 Rhf8 36. Kh3 Rf5 37. Rg1 Rff8 38. Bd2 Rg8 39. g4 hxg4+ 40. Qxg4 Kf7 41.
Bc3 Rh8 42. Kg3 Rhg8 43. Rh1 Qh5 44. Kh3 Qh7 45. Rg1 Bc8 46. Qg5 Qg7 47. Qf6+
Ke8 48. Kh2 Qh6 49. Qg5 Qh7 50. Rg4 Bd7 51. Rg3 Kf7 52. Bd4 Rh8 53. Qf6+ Ke8
54. Qxg6+ Kf8 55. Qxh7 Rxh7 56. Kh3 Kf7 57. Rg5 Rbh8 58. h5 Bc8 59. Kg4 Rh6 60.
Kh4 R8h7 61. Ra1 Rh8 62. f5 Re8 63. f6 Rh7 64. Ra7 Reh8 65. Ra8 Re8 66. Ra1
Reh8 67. Rag1 Kf8 68. Kg4 Bd7 69. Rh1 Be8 70. Bc3 Bf7 71. Be1 Be8 72. Bg3 Bf7
73. Bf4 Be8 74. Rh2 Bf7 75. Rh4 Be8 76. Rh2 Bf7 1-0

[Event "28.Alpenpokal"]
[Site "?"]
[Date "2002.??.??"]
[Round "9"]
[White "Moehring, Norbert"]
[Black "Rodemann, Edmund"]
[Result "1/2-1/2"]
[WhiteElo "1818"]
[BlackElo "2064"]
[Annotator "ChessOrg"]
[PlyCount "85"]

1. b4 e5 2. a3 d6 3. e3 f5 4. Bb2 Nf6 5. c4 Be7 6. d4 e4 7. d5 O-O 8. Ne2 Nbd7
9. Nbc3 Ne5 10. Nf4 Re8 11. Qb3 Bf8 12. Be2 g5 13. Nh3 h6 14. Rd1 a6 15. Na4
Bd7 16. O-O Bxa4 17. Qxa4 Qd7 18. Qb3 Bg7 19. c5 Kh8 20. Rc1 dxc5 21. Rxc5 b6
22. Rc2 Qxd5 23. Qxd5 Nxd5 24. Rd1 Red8 25. Rcd2 c6 26. f4 exf3 27. gxf3 Re8
28. f4 Ng4 29. Bxg7+ Kxg7 30. fxg5 Rxe3 31. Bxg4 fxg4 32. gxh6+ Kxh6 33. Nf2
Rg8 34. Rd4 Rxa3 35. Rxg4 Rxg4+ 36. Nxg4+ Kg5 37. Ne5 Nxb4 38. Nc4 Rd3 39. Rxd3
Nxd3 40. Nxb6 a5 41. Kf1 Nb2 42. Ke2 Kh4 43. Kd2 1/2-1/2

[Event "28.Alpenpokal"]
[Site "?"]
[Date "2002.??.??"]
[Round "9"]
[White "Emde, Rainer"]
[Black "Spurga, Josef"]
[Result "1/2-1/2"]
[WhiteElo "1800"]
[BlackElo "1899"]
[Annotator "ChessOrg"]
[PlyCount "20"]

1. d4 d5 2. Nf3 Nf6 3. c4 c6 4. e3 e6 5. Bd3 Be7 6. O-O b6 7. b3 Bb7 8. Bb2
Nbd7 9. cxd5 cxd5 10. Nbd2 O-O 1/2-1/2

[Event "28.Alpenpokal"]
[Site "?"]
[Date "2002.??.??"]
[Round "9"]
[White "Eidam, Horst"]
[Black "Johne, Siegfried"]
[Result "1-0"]
[WhiteElo "1889"]
[BlackElo "1832"]
[Annotator "ChessOrg"]
[PlyCount "109"]

1. d4 Nf6 2. c4 g6 3. Nc3 d5 4. e3 Bg7 5. Nf3 O-O 6. Bd3 dxc4 7. Bxc4 c5 8. O-O
a6 9. dxc5 Qa5 10. Qc2 Qxc5 11. Na4 Qa5 12. Bd2 Qd8 13. Be2 Bf5 14. Qc1 Nc6 15.
Nc3 e5 16. a3 Na5 17. Qd1 Re8 18. b4 Nc6 19. Qc1 e4 20. Nh4 Be6 21. g3 Ne5 22.
Rd1 g5 23. Ng2 Bb3 24. Rf1 Nf3+ 25. Bxf3 exf3 26. Ne1 g4 27. Nc2 Ne4 28. Nxe4
Rxe4 29. Nd4 Rc8 30. Qb2 Bc4 31. Rfc1 Qb6 32. h3 gxh3 33. Kh2 Rxd4 34. exd4
Bxd4 35. Be3 Bxe3 36. fxe3 Qxe3 37. Rc3 Qe2+ 38. Qxe2 fxe2 39. Re1 b5 40. Rxe2
Rd8 41. Kxh3 Be6+ 42. Kg2 Rd6 43. Kf2 h5 44. Rec2 Kf8 45. Rc6 Ke7 46. Rc7+ Rd7
47. Rxd7+ Bxd7 48. Rc7 Kd6 49. Ra7 Bg4 50. Rxa6+ Kd5 51. Ke3 Kc4 52. Ke4 Kb3
53. Kd4 Be6 54. Ke5 Bc4 55. Ra7 1-0